LDR 00627naa#a2200169#i#450# 001 EN\INFRA-M\bibl\122578 005 20260705093349.7 011 ## _a2712-9640 100 ## _a20260610b2026####ek#y0engy0150####ca 102 ## _aRU 200 1# _aWaldmeier law for sunspot cycles: Statistical significance and implications for dynamo _eJournal article 210 1# _aMoscow _cINFRA-M Academic Publishing LLC. _d2026 215 ## _a4 с. 608 ## _aJournal article _2local 675 ## _aСолнечные пятна. 523.982 _aЦикличность солнечных пятен. 523.982.8 _z 700 #1 _aKitchatinov _gLeonid Leonidovich 856 4# _anaukaru.ru _u